000 00336nam a22001457a 4500
008 210301b ||||| |||| 00| 0 eng d
020 _a2900136028962
041 _aeng
080 _25th
_a510
082 _a510
100 _a36
101 _aMAT
245 _aTrigonometry a Right Triangle Approach
_cSullivan, M
942 _2udc
_cBK
999 _c55405
_d55405